MARC

LEADER 00000nam0a2200000 4500
001 21451
005 20231030192736.0
035 |a (RuTPU)RU\TPU\book\21651 
035 |a BOOK00021722 
090 |a 21451 
100 |a 20011209d1979 m y0rusy50 ca 
101 0 |a rus  |a ger 
102 |a RU 
105 |a y j 000zy 
200 1 |a Интенсивное обучение чтению на немецком языке  |e учебное пособие  |f Н. С. Креленштейн 
210 |a Москва  |c Высшая школа  |d 1979 
215 |a 128 с. 
225 1 |a Библиотека преподавателя 
610 1 |a немецкий язык 
610 1 |a интенсивный курс 
610 1 |a методика 
610 1 |a чтение 
610 1 |a грамматика 
610 1 |a лексика 
610 1 |a учебные пособия 
610 1 |a преподавание 
686 |a Ш143.24-922  |v LBC/SL-A  |2 rubbk 
700 1 |a Креленштейн  |b Н. С.  |g Нинель Собеславовна 
801 0 |a RU  |b 63413507  |c 20011209  |g PSBO 
801 2 |a RU  |b 63413507  |c 20150603  |g PSBO 
942 |c BK